Fr. Conceicao Rodrigues College of Engineering

Applied Chemistry II (Record no. 30230)

MARC details
000 -LEADER
fixed length control field 00337nam a2200157Ia 4500
082 ## - DEWEY DECIMAL CLASSIFICATION NUMBER
Classification number 660
Item number SRI/CHA
100 ## - MAIN ENTRY--PERSONAL NAME
Personal name Srinivasan/V/ Chari/ S.N.
245 ## - TITLE STATEMENT
Title Applied Chemistry II
260 ## - PUBLICATION, DISTRIBUTION, ETC.
Name of publisher, distributor, etc. Nirali prakashan
Date of publication, distribution, etc. 1998
300 ## - PHYSICAL DESCRIPTION
Extent 178
546 ## - LANGUAGE NOTE
Language note ENGLISH
650 ## - SUBJECT ADDED ENTRY--TOPICAL TERM
Topical term or geographic name entry element Chemistry
654 ## - SUBJECT ADDED ENTRY--FACETED TOPICAL TERMS
Focus term Chemistry
942 ## - ADDED ENTRY ELEMENTS (KOHA)
Koha item type BOOK
Holdings
Withdrawn status Lost status Damaged status Not for loan Collection Home library Current library Date acquired Total Checkouts Full call number Barcode Date last seen Price effective from Koha item type Date last checked out
        CRC Fr. Agnel's C.Rodrigues College of Engineering Fr. Agnel's C.Rodrigues College of Engineering 17/03/2023   660 SRI/CHA 11176 17/03/2023 17/03/2023 BOOK  
        CRC Fr. Agnel's C.Rodrigues College of Engineering Fr. Agnel's C.Rodrigues College of Engineering 17/03/2023 2 660 SRI/CHA 11177 22/05/2024 17/03/2023 BOOK 17/05/2024